000 01361nam0a2200325 4500
001 RU\NLR\BIBL_A\010705694
005 20260406145858.0
010 _a978-5-17-087642-6
_95000
021 _aRU
_b2015-7902
_9493
035 _a(NILC)RuMoRGB-007882176
035 _a(NLR Aleph) 010705694
090 _a9742650
_c9742650
100 _a20150324d2015 |||y0rusy50 ca
101 0 _arus
102 _aRU
105 _aa z 000ay
200 1 _aДядя Федор, пес, кот и другие
_e[маленькие сказочные истории
_eдля детей дошкольного возраста
_e(для чтения взрослыми детям)]
_fЭ. Успенский
_g[ил. А. Шера и др.]
210 _aМосква
_cАСТ
_cМалыш
_d2015
215 _a127 с.
_cцв. ил.
_d16
225 1 _aСерия "Любимая книжка"
333 _a0+
675 _a821.161.1-93
686 0 _aШ9(2)60=Р7-2
700 1 _4070
_7ca
_8rus
_aУспенский
_bЭ. Н.
_cдет. писатель
_f1937-2018
_gЭдуард Николаевич
_9114763
_3RU\NLR\AUTH\774788
702 1 _4440
_7ca
_8rus
_aШер
_bА. С.
_cхудожник
_f1934-
_gАркадий Соломонович
_981429
_3RU\NLR\AUTH\7798503
942 _cBOOK
980 _aNB